|
|
|
|
| LEADER |
00000cam a2200000 i 4500 |
| 001 |
1/55320 |
| 008 |
140909s2012 gr | ||| |||| ||gre|| |
| 020 |
|
|
|a 9789605223144
|
| 035 |
|
|
|l 10118989
|
| 040 |
|
|
|a GR-MY-UA
|b gre
|e aacr
|
| 041 |
0 |
|
|a gre
|
| 082 |
0 |
|
|a 938
|2 (23)
|
| 100 |
1 |
|
|a Σίμος, Αντώνιος Π.
|
| 245 |
1 |
0 |
|a Οταν οι Έλληνες γράφουν ιστορία /
|c Αντώνιος Π. Σίμος
|
| 260 |
|
|
|a Αθήνα :
|b Πελασγός,
|c 2012
|
| 300 |
|
|
|a 355 σ.;
|b εικ.;
|c 25 εκ.
|
| 504 |
|
|
|a Βιβλιογραφία: σ.354-355
|
| 651 |
|
0 |
|a Greece
|x History.
|
| 852 |
|
|
|a INST
|b SAMOS
|e 20140909
|h 938 ΣΙΜ
|p 005300037006
|q 005300037006
|t BK
|y 0
|
| 901 |
|
|
|a BIBL3-2014-3
|
| 970 |
|
|
|a ΚΟΣΙΕΡΗΣ
|b ΧΡΗΣΤΟΣ
|z 2014/09/09
|